Formulación y evaluación de proyectos : (Registro nro. 3862)
[ vista simple ]
| 000 -LEADER | |
|---|---|
| fixed length control field | 01579nam a2200301Ia 4500 |
| 003 - CONTROL NUMBER IDENTIFIER | |
| control field | OSt |
| 005 - DATE AND TIME OF LATEST TRANSACTION | |
| control field | 20201210161357.0 |
| 008 - FIXED-LENGTH DATA ELEMENTS--GENERAL INFORMATION | |
| fixed length control field | 191128s2015 ck a gr 000 0 spa d |
| 020 ## - INTERNATIONAL STANDARD BOOK NUMBER | |
| International Standard Book Number | 9789588930190 |
| 040 ## - CATALOGING SOURCE | |
| Original cataloging agency | CO-JMCR |
| Transcribing agency | CO-JMCR |
| 041 0# - LANGUAGE CODE | |
| Language code of text/sound track or separate title | spa |
| 082 04 - DEWEY DECIMAL CLASSIFICATION NUMBER | |
| Classification number | 658.404 / |
| Item number | R541f |
| Edition number | 23 |
| 100 1# - MAIN ENTRY--PERSONAL NAME | |
| Personal name | Rico Calvano, Florentino, |
| Relator term | autor |
| 9 (RLIN) | 12197 |
| 245 10 - TITLE STATEMENT | |
| Title | Formulación y evaluación de proyectos : |
| Remainder of title | soporte de la planeación / |
| Statement of responsibility, etc. | Florentino Rico Calvano, Florentino Rico Fontalvo, Heidy Rico Fontalvo, Pablo Peralta Miranda |
| 260 ## - PUBLICATION, DISTRIBUTION, ETC. | |
| Place of publication, distribution, etc. | Barranquilla : |
| Name of publisher, distributor, etc. | Universidad Simón Bolivar, |
| Date of publication, distribution, etc. | 2015 |
| 300 ## - PHYSICAL DESCRIPTION | |
| Extent | 331 páginas : |
| Other physical details | tablas ; |
| Dimensions | 24 cm. |
| 500 ## - GENERAL NOTE | |
| General note | Incluye referencias bibliográficas. |
| 505 0# - FORMATTED CONTENTS NOTE | |
| Formatted contents note | Modelo de planteamineto de un proyecto propuesta construcción de zonas recreativas en la ciudad de Cartagena -- Estudio de mercado -- Estudio técnico -- Localización del proyecto -- Ingeniería del proyecto -- Aspectos financieros en la formulación |
| 520 0# - SUMMARY, ETC. | |
| Summary, etc. | Las organizaciones se enfrentan a varios retos: obsolescencia de los diseños de negocios; aparición de nuevos competidores; disminución del umbral de comercialización; reducción del ciclo de vida de los productos y servicios. |
| 650 24 - SUBJECT ADDED ENTRY--TOPICAL TERM | |
| Topical term or geographic name entry element | Evaluación de proyectos |
| 9 (RLIN) | 2814 |
| 650 24 - SUBJECT ADDED ENTRY--TOPICAL TERM | |
| Topical term or geographic name entry element | Proyectos de desarrollo |
| 9 (RLIN) | 4149 |
| 650 24 - SUBJECT ADDED ENTRY--TOPICAL TERM | |
| Topical term or geographic name entry element | Administración de proyectos |
| 9 (RLIN) | 12200 |
| 650 24 - SUBJECT ADDED ENTRY--TOPICAL TERM | |
| Topical term or geographic name entry element | Elaboración de proyectos |
| 9 (RLIN) | 12391 |
| 700 1# - ADDED ENTRY--PERSONAL NAME | |
| Personal name | Rico, Florentino, |
| Relator term | autor |
| 9 (RLIN) | 12519 |
| 700 1# - ADDED ENTRY--PERSONAL NAME | |
| Personal name | Rico Fontalvo, Heidy, |
| Relator term | autor |
| 9 (RLIN) | 12520 |
| 700 1# - ADDED ENTRY--PERSONAL NAME | |
| Personal name | Peralta Miranda, Pablo, |
| Relator term | autor |
| 9 (RLIN) | 12521 |
| 942 ## - ADDED ENTRY ELEMENTS (KOHA) | |
| Source of classification or shelving scheme | Dewey Decimal Classification |
| Koha item type | Books |
| Withdrawn status | Lost status | Source of classification or shelving scheme | Materials specified (bound volume or other part) | Damaged status | Not for loan | Home library | Current library | Shelving location | Date acquired | Source of acquisition | Full call number | Barcode | Date last seen | Copy number | Price effective from | Koha item type | Total Checkouts |
|---|---|---|---|---|---|---|---|---|---|---|---|---|---|---|---|---|---|
| Dewey Decimal Classification | Donación--01/01/2017-- | Biblioteca Pública José María del Castillo y Rada | Biblioteca Pública José María del Castillo y Rada | General Stacks | 11/28/2019 | Donación | 658.404 / R541f | 201808386 | 05/16/2024 | Ej.1 | 11/28/2019 | Books | |||||
| Dewey Decimal Classification | Donación--01/01/2017-- | Biblioteca Pública José María del Castillo y Rada | Biblioteca Pública José María del Castillo y Rada | General Stacks | 11/28/2019 | Donación | 658.404 / R541f | 201808387 | 05/16/2024 | Ej.2 | 11/28/2019 | Books |